000 00824nam a22002177a 4500
999 _c17063
_d17063
003 AR-CdUCM
008 190507b ||||| |||| 00| 0 spa d
040 _aMUNICIPALIDAD PROVINCIAL DEL CUSCO
_cBIBLIOTECA MUNICIPAL DEL CUSCO
082 _a901 /
_bA769
100 _aAron, Raymond
_912948
245 _aIntroducción a la filosofía de la historia /
260 _aBuenos Aires :
_bEdit. Losada,
_c1946.
300 _a566 páginas ;
_c18 cm.
440 _aBiblioteca filosófica
_915046
505 _aContenido: El pasado y el concepto de la historia -- EL devenir humano y la comprensión histórica -- El determinismo histórico y el pensamiento causal...
650 _aHistoria
_9136
650 _aFilosofía
_9395
650 _aManuscritos y libros raros
_936886
942 _2ddc
_cLIBROS
945 _adavv
_d07/05/2019